000 00725nam a2200265Ia 4500
001 Para_6261
003 CHAP
008 220125s1978 xx 000 0 und d
010 _a205004
040 _cCHAP
090 _aPA FOLLETO 360
110 _aUACh. Departamento de Parasitología Agrícola
_9115877
245 _aLarvas de díptera /
_c por UACh. Departamento Parasitología Agrícola
260 _aChapingo, Méx. :
_b La universidad
300 _a61 h.
650 _aDipteros
_933715
650 _aOrugas
_984152
901 _aPA FOLLETO 360
902 _aA
905 _a0000001978 a 0000000000 00
910 _a1978
942 _cPARA
942 _cPARA
_d1
999 _c205004
_d205004